Days of the Week - German - Statistics

General Stats
  • This quiz has been taken 61 times
  • The average score is 6 of 7
Answer Stats
Hint Answer % Correct
Monday Montag
96%
Friday Freitag
92%
Thursday Donnerstag
88%
Wednesday Mittwoch
88%
Sunday Sonntag
88%
Tuesday Dienstag
86%
Saturday Samstag / Sonnabend
84%
No matching quizzes found
Score Distribution
Percent of People with Each Score
Percentile by Number Answered
Your Score History
You have not taken this quiz